Sanat yayınları 2010 işte Atatürk (Record no. 3558)

MARC details
000 -BAŞLIK
Sabit Uzunlukta Kontrol Alanı 00731na a2200229 4500
001 - KONTROL NUMARASI
Denetim Alanı 14355
003 - KONTROL NUMARASI IDENTIFIER
Denetim Alanı MIRAKIL
005 - SON İŞLEM TARİHİ VE ZAMANI
Denetim Alanı 20181213154935.0
008 - SABİT-BOY VERİ ELEMANLARI - GENEL BİLGİLER
Sabit Uzunlukta Kontrol Alanı 160923b tu 000 0
035 ## - SİSTEM KONTROL NUMARASI
Sistem Kontrol Numarası 14355
040 ## - KATALOGLAMA KAYNAK
Orijinal Kataloglama Ajansı Milas
Kataloglama Dili tur
Metne Dönüştürmek Ajansı TR-AnCHP
082 ## - DEWEY ONLU SINIFLANDIRMA NUMARASI
Sınıflandırma Numarası ATA 923.156
Ürün Numarası S25 2010
090 ## - SINIFLAMA NUMARASI
Sınıflama Numarası ATA 923.156 S25 2010
100 ## - ANA GİRİŞ - KİŞİSEL İSİM
Kişisel Ad Kılıç, Tuncay
245 ## - BAŞLIK TABLOSU
Başlık Sanat yayınları 2010 işte Atatürk
Sorumluluk Tablosu, Vb Tuncay Kılıç & Partner LBB
260 ## - YAYIN, DAĞITIM, VB
Yayın, Dağıtım, Vb Yeri [y.y.]
Yayıncı, Dağıtıcı, Vs Adı Kılıç Partner LBB, Kılıç-Alu Systems
Yayın, Dağıtım, Vb Tarihi 2010
300 ## - FİZİKSEL TANIM
Kapsam 294 s.
Boyutlar 16 sm.
600 ## - KONU KATMA GİRİŞ - KURUMSAL ADI
Kişisel Ad Atatürk, Mustafa Kemal
Genel Alt Bölümü Meclis konuşmaları
600 ## - KONU KATMA GİRİŞ - KURUMSAL ADI
Kişisel Ad Atatürk, Mustafa Kemal
Bir Adıyla İlişkilendirilen Tarihler 1881-1938
Genel Alt Bölümü Siyasal ve sosyal görüşler
650 ## - KONU KATMA GİRİŞ - TOPİKAL DÖNEM
Topikal Süreli Veya Coğrafi Ad Giriş Elemanı Atatürkçülük
942 ## - EKLENDİ GİRİŞ ELEMANLARI (KOHA)
Sınıflandırma Veya Raf Düzeni Kaynak Dewey Decimal Classification
Koha Öğesi Türü Books
999 ## - SİSTEM KONTROL NUMARALARI (KOHA)
Koha Biblionumber 3558
Koha Biblioitemnumber 3558
Holdings
Kalıcı Konum Mevcut Konum Edinme Tarihi Edinim Kaynak Toplam Check-Out'Lar Tam Çağrı Numarası Barkod Tarih Son Görülme İtibaren Geçerli Fiyatlar Koha Öğesi Türü
CHP Kütüphanesi CHP Kütüphanesi 08/26/2016 Bağış   ATA 923.156 S25 2010 002186 08/26/2016 08/26/2016 Books